[Event "EuTCh U18"]
[Site "Balatonlelle HUN"]
[Date "2002.06.12"]
[Round "1"]
[White "Motoc,A"]
[Black "Toth,Li"]
[Result "1-0"]
[WhiteElo "2222"]
[BlackElo "2157"]

1.d4 Nf6 2.c4 Nc6 3.Nc3 e5 4.d5 Ne7 5.e4 Ng6 6.Be3 Bb4 7.f3 O-O 8.h4 Nxh4
9.Rxh4 Nxd5 10.cxd5 Qxh4+ 11.Bf2 Qe7 12.Rc1 d6 13.Bd3 f5 14.Qc2 f4 15.a3 Bxc3+
16.Qxc3 Rf7 17.Qa5 g5 18.Kd2 h5 19.Kc2 g4 20.fxg4 Bxg4 21.Nf3 Bxf3 22.gxf3 h4
23.Rh1 Rh7 24.Bf1 Kg7 25.Bh3 Rh6 26.Kb1 c5 27.dxc6 bxc6 28.Bf5 Rah8 29.Rg1+ Kf7
30.Bh3 c5 31.Qb5 Kf8 32.Qc6 Kf7 33.Qd5+ Kf6 34.Bf5 Qe8 35.Qxd6+ Kf7 36.Bg6+  1-0

[Event "3rd IECC"]
[Site "Batumi GEO"]
[Date "2002.06.13"]
[Round "2"]
[White "Urushadze,D"]
[Black "Velicka,P"]
[Result "1/2-1/2"]
[WhiteElo "2272"]
[BlackElo "2437"]

1.d4 Nf6 2.c4 Nc6 3.Nc3 e5 4.d5 Ne7 5.e4 Ng6 6.Be3 Bb4 7.Bd3 O-O 8.h3 Bxc3+
9.bxc3 d6 10.g4 Nd7 11.Qd2 Nc5 12.Bc2 b6 13.Bg5 Qe8 14.Be3 Ba6 15.Bxc5 bxc5
16.Bb3 Qe7 17.Ne2 Qf6 18.Qe3 Nh4 19.Qg3 Nf3+ 20.Kd1 g5 21.Ng1 Nh4 22.Ke2 Rab8
23.Nf3 Ng6 24.h4 h6 25.hxg5 hxg5 26.Qh2 Rfe8 27.Qh7+ Kf8 28.Qh6+ Ke7 29.Qxg5 Nf4+
30.Kd2 Qxg5 31.Nxg5 Rg8 32.Nh3 Rxg4 33.Nxf4 Rxf4 34.Ke3 Rg4 35.Rag1 Rxg1
36.Rxg1 Rh8 37.f3 Kf8 38.Rg2 Rh1 39.Rb2 Rh4 40.Rg2 Rh3 41.Rb2 Rh1 42.Rg2 Bc8
43.Rb2 f5 44.exf5 Bxf5 45.Ba4 Re1+ 46.Kd2 Rb1 47.Rxb1 Bxb1 48.Bb3 Ke7 49.Kc1 Bg6
50.Kd2 Kf6 51.Ke3 Kg5 52.Bd1 Bh5 53.Bc2 Kh4 54.Kf2 Be8 55.Bd3 Bd7 56.Bc2 Bc8
57.Bb1 Kg5 58.Ke3 Bf5 59.Be4 Bxe4 60.Kxe4 Kg6 61.Kd3 Kh5 62.Ke3 Kg5 63.Ke4 Kg6
64.Kd3 Kf6 65.Ke4 Kg5 66.Ke3 Kf5 67.Ke2 a6 68.a3 a5 69.a4 Kf4 70.Kf2 e4 71.fxe4 Kxe4
72.Ke2 Kf4 73.Kf2 Kg5 74.Kg3 Kf5 75.Kf3 Kg5 76.Kg3 Kf5 77.Kf3  1/2-1/2

[Event "ISYG-W16"]
[Site "Moscow RUS"]
[Date "2002.06.19"]
[Round "2"]
[White "Ergasheeva,S"]
[Black "Doibani,L"]
[Result "1-0"]
[WhiteElo "2007"]
[BlackElo "2022"]

1.d4 Nf6 2.c4 Nc6 3.Nc3 e5 4.d5 Ne7 5.Bg5 Ng6 6.a3 Be7 7.Bxf6 Bxf6 8.e4 O-O
9.d6 cxd6 10.Qxd6 Be7 11.Qd1 a5 12.Nge2 f5 13.exf5 Rxf5 14.Ng3 Rf8 15.Be2 Qb6
16.O-O Qxb2 17.Nb5 e4 18.Nxe4 Nf4 19.Nec3 Bf6 20.Rb1 Nxe2+ 21.Nxe2 Qe5 22.Nd6 Be7
23.c5 Bxd6 24.cxd6 Ra6 25.Qb3+ Kh8 26.Ng3 Rxd6 27.Rbe1 Qf4 28.Re4 Qf6 29.Qb5 b6
30.Nh5 Qg6 31.Re7 Rg8 32.Qe5 Bb7 33.g3 Rd5 34.Nf4 Rxe5 35.Nxg6+ hxg6 36.Rxe5 Rf8
37.f4 Rf6 38.Rb1 Rd6 39.Reb5 Be4 40.Rxb6 Rd3 41.R1b3 Rd2 42.Rb2 Rd1+ 43.Kf2 Bc6
44.Rb8+ Kh7 45.Re2 Rd3 46.Ree8 g5 47.Ke2 Rd5 48.Re5 gxf4 49.Rxd5 Bxd5 50.gxf4 a4
51.Rb4 Bc6 52.f5 Kg8 53.Ke3 Kf7 54.Kf4 d6 55.Rb6 Be8 56.Rxd6 Ke7 57.Rb6  1-0

[Event "ISYG-M14"]
[Site "Moscow RUS"]
[Date "2002.06.23"]
[Round "6"]
[White "Mihailovs,J"]
[Black "Vicol,D"]
[Result "0-1"]
[WhiteElo "2141"]
[BlackElo "2254"]

1.d4 Nf6 2.c4 Nc6 3.Nf3 e6 4.Nc3 Bb4 5.Qc2 d6 6.a3 Bxc3+ 7.Qxc3 O-O 8.Bf4 Ne4
9.Qc2 f5 10.d5 e5 11.Be3 Ne7 12.Ng5 Nf6 13.g3 h6 14.Nf3 Kh8 15.h4 Nh5 16.Bh3 Qe8
17.O-O-O Qf7 18.Rhg1 b5 19.cxb5 Nxd5 20.Bd2 Rb8 21.a4 a6 22.Ba5 axb5 23.Qc6 Be6
24.axb5 Ne7 25.Qc3 Rxb5 26.Nd2 Rc5  0-1

[Event "13th Open"]
[Site "Ljubljana SLO"]
[Date "2002.06.24"]
[Round "3"]
[White "Novkovic,S"]
[Black "Semrl,M"]
[Result "0-1"]
[WhiteElo "2137"]
[BlackElo "2213"]

1.d4 Nf6 2.c4 Nc6 3.Nc3 e5 4.d5 Ne7 5.e4 Ng6 6.a3 Bc5 7.Bd3 a5 8.Na4 Ba7
9.c5 O-O 10.b4 d6 11.Be3 Ng4 12.Nf3 Bd7 13.Bg5 f6 14.h3 Nxf2 15.Kxf2 fxg5
16.Bc4 Bxa4 17.Qxa4 axb4 18.axb4 Bxc5+ 19.bxc5 Rxa4 20.Rxa4 b5 21.Bxb5 h5
22.Kg3 Qf6 23.Bd7 Qf4+ 24.Kf2 Qd2+ 25.Kg1 Rxf3 26.gxf3 Qe1+  0-1

[Event "ISYG-W16"]
[Site "Moscow RUS"]
[Date "2002.06.24"]
[Round "7"]
[White "Dolgova,O"]
[Black "Doibani,L"]
[Result "1-0"]
[WhiteElo "2095"]
[BlackElo "2022"]

1.d4 Nf6 2.c4 Nc6 3.Nc3 e5 4.d5 Ne7 5.g3 Ng6 6.Bg2 Bc5 7.Nf3 d6 8.O-O a6
9.b4 Ba7 10.Ba3 Qe7 11.Nd2 Bd4 12.Rc1 a5 13.Nb5 axb4 14.Bxb4 Rxa2 15.Nxd4 exd4
16.Nb3 O-O 17.Nxd4 b6 18.Qb3 Ra8 19.Rce1 Ba6 20.Nc6 Qe8 21.e4 Ne5 22.Nxe5 Qxe5
23.Bc3 Qe7 24.f4 Nd7 25.Bd4 f6 26.Qc3 Rfe8 27.Bh3 Nf8 28.e5 dxe5 29.fxe5 fxe5
30.Rxe5 Qd6 31.Rfe1 Rxe5 32.Rxe5 Ng6 33.Be6+ Kh8 34.Rf5 Rg8 35.Rf7 Ne5 36.Bxe5  1-0

[Event "Open"]
[Site "Oberwart AUT"]
[Date "2002.07.09"]
[Round "5"]
[White "Eingorn,V"]
[Black "Posch,W"]
[Result "1-0"]
[WhiteElo "2604"]
[BlackElo "2283"]

1.d4 Nf6 2.c4 Nc6 3.Nf3 e6 4.a3 d5 5.Nc3 Be7 6.e3 O-O 7.b4 a6 8.Bb2 Re8 9.Qc2 Bf8
10.Rd1 Ne7 11.Bd3 Ng6 12.O-O c6 13.c5 Qc7 14.Na4 Nd7 15.e4 dxe4 16.Bxe4 f5
17.Bd3 Nf6 18.Nb6 Rb8 19.Rfe1 Nf4 20.d5 Nxd3 21.Qxd3 exd5 22.Rxe8 Nxe8 23.Be5 Bd6
24.cxd6  1-0

[Event "Battle of Senta Open"]
[Site "Senta YUG"]
[Date "2002.07.19"]
[Round "1"]
[White "Gebejes,A"]
[Black "Certic,B"]
[Result "0-1"]
[WhiteElo "2099"]
[BlackElo "2410"]

1.d4 Nf6 2.c4 Nc6 3.Nf3 e6 4.Bg5 h6 5.Bxf6 Qxf6 6.e3 g6 7.Nc3 Bg7 8.Bd3 O-O
9.O-O d6 10.a3 e5 11.d5 Nd8 12.h3 Qe7 13.Nd2 f5 14.e4 Nf7 15.Rc1 Ng5 16.Kh2 f4
17.b4 f3 18.g4 Nxh3 19.Kxh3 Bxg4+ 20.Kg3 Qg5 21.Rg1 Qf4+  0-1

[Event "ch-GBR"]
[Site "Torquay ENG"]
[Date "2002.08.03"]
[Round "6"]
[White "Burnett,J"]
[Black "Gregory,S"]
[Result "1-0"]
[WhiteElo "2199"]
[BlackElo "2173"]

1.d4 Nf6 2.c4 Nc6 3.Nf3 d6 4.g3 e5 5.Bg2 exd4 6.Nxd4 Bd7 7.Nc3 Be7 8.O-O O-O
9.b3 Rb8 10.Bb2 a6 11.Nc2 b5 12.cxb5 axb5 13.Ne3 Ne5 14.Ned5 c6 15.Nxe7+ Qxe7
16.Qd2 Rfe8 17.Ba3 c5 18.Rfd1 Rb6 19.Bb2 h5 20.Nd5 Nxd5 21.Bxd5 Bh3 22.Re1 b4
23.Rac1 Ra6 24.Ba1 Kf8 25.f4 Ng4 26.e4 f6 27.Bc4 Ra5 28.a4 g6 29.Rcd1 Rd8
30.Qd5 Kg7 31.e5 fxe5 32.fxe5 Kh6 33.exd6 Qf8 34.Qd2+ g5 35.Re6+ Kh7 36.Qc2+  1-0

[Event "FSIMB August"]
[Site "Budapest HUN"]
[Date "2002.08.05"]
[Round "3"]
[White "Chetverik,M"]
[Black "Reiss,T"]
[Result "1-0"]
[WhiteElo "2316"]
[BlackElo "2347"]

1.d4 Nf6 2.c4 Nc6 3.Nc3 e5 4.d5 Ne7 5.e4 Ng6 6.h4 h5 7.Bg5 Bb4 8.Rc1 a5 9.Be2 Bc5
10.Rc2 Nf4 11.Bxf4 exf4 12.e5 Ng8 13.Ne4 Be7 14.Nh3 d6 15.e6 g6 16.Nxf4 Bxh4
17.Bd3 Rh6 18.Qf3 Bf6 19.Re2 Kf8 20.Ng5  1-0

[Event "ch-AUT"]
[Site "Oberpullendorf AUT"]
[Date "2002.08.16"]
[Round "7"]
[White "Kummer,Hel"]
[Black "Roth,Pe"]
[Result "1-0"]
[WhiteElo "2347"]
[BlackElo "2319"]

1.d4 Nf6 2.c4 Nc6 3.Nf3 e6 4.Nc3 d6 5.e4 g6 6.Be2 Bg7 7.O-O O-O 8.Bg5 h6
9.Be3 Re8 10.Re1 Ng4 11.Bc1 e5 12.d5 Nd4 13.h3 Nf6 14.Be3 c5 15.dxc6 bxc6
16.Nxd4 exd4 17.Bxd4 Nxe4 18.Bxg7 Kxg7 19.Bf3 Nxc3 20.Qd4+ Kg8 21.Bxc6 Bd7
22.Bxa8 Ne2+ 23.Rxe2 Rxe2  1-0

[Event "ch-AUT"]
[Site "Oberpullendorf AUT"]
[Date "2002.08.16"]
[Round "7"]
[White "Fauland,P"]
[Black "Mahdi,K"]
[Result "1/2-1/2"]
[WhiteElo "2222"]
[BlackElo "2376"]

1.d4 Nf6 2.c4 Nc6 3.g3 e5 4.d5 Nb8 5.Bg2 Bc5 6.Nc3 O-O 7.a3 a5 8.Na4 Be7
9.Bd2 d6 10.b4 axb4 11.Bxb4 Bd7 12.Nc3 c5 13.dxc6 Nxc6 14.Nd5 Nxd5 15.Bxd5 Nxb4
16.axb4 Bc6 17.Rb1 Qc7 18.Nf3 Bxd5 19.Qxd5 Rfc8 20.O-O Qxc4 21.Qxb7 Qc7 22.Qd5 Qc6
23.Qxc6 Rxc6 24.b5 Rb6 25.Rb2 f5 26.Kg2 Kf7 27.Nd2 Rab8 28.Rfb1 d5 29.Nf1 Ke6
30.Rb3 Ra8 31.R1b2 Bc5 32.Ne3 Bxe3 33.fxe3 Kd6 34.Kf3 h5 35.h4 Ra4 36.Rc2 Ra5
37.Rcb2 Ke6 38.Rb4 Kf6 39.R2b3 g5 40.hxg5+ Kxg5 41.Rb1 Ra3 42.Kf2  1/2-1/2

[Event "Ciuc Premium A1"]
[Site "Miercurea Ciuc ROM"]
[Date "2002.08.22"]
[Round "5"]
[White "Fugulyan,G"]
[Black "Schmid,Si"]
[Result "1-0"]
[WhiteElo "2087"]
[BlackElo "2241"]

1.d4 Nf6 2.c4 Nc6 3.d5 Ne5 4.Nc3 e6 5.dxe6 fxe6 6.e4 Bc5 7.Be2 O-O 8.f4 Ng6
9.e5 Ne8 10.g3 Nxe5 11.fxe5 Bf2+ 12.Kd2 Qg5+ 13.Kc2 Qxe5 14.Nf3 Qf5+ 15.Qd3 d6
16.Qxf5 Rxf5 17.Rf1 Bb6 18.Bd2 Bd7 19.Ng5 Rxf1 20.Rxf1 Nf6 21.Nce4 Rf8 22.Bc3 e5
23.c5 dxc5 24.Bc4+ Kh8 25.Bxe5 h6 26.Nxf6 Ba4+ 27.b3 hxg5 28.bxa4 gxf6 29.Bxf6+ Kh7
30.Bd3+ Kg8  1-0

[Event "WY ol"]
[Site "Kuala Lumpur MAS"]
[Date "2002.08.25"]
[Round "7"]
[White "Kuzubov,Y"]
[Black "Gupta,A"]
[Result "0-1"]
[WhiteElo "2187"]
[BlackElo "2257"]

1.d4 Nf6 2.c4 Nc6 3.Nf3 e6 4.a3 d6 5.Nc3 g6 6.e4 Bg7 7.Be2 O-O 8.O-O Re8
9.Be3 e5 10.d5 Nd4 11.Nxd4 exd4 12.Bxd4 Nxe4 13.Bxg7 Kxg7 14.Qd4+ Qf6 15.Qxf6+ Kxf6
16.Nb5 Re7 17.Rfe1 a6 18.Nd4 Bf5 19.Nxf5 gxf5 20.Bd3 Rae8 21.Rad1 h6 22.Bf1 Nc5
23.Rxe7 Rxe7 24.b4 Na4 25.g3 Nc3 26.Ra1 Re4 27.Kg2 Ke5 28.Kf3 Kd4 29.Rc1 Re5
30.h4 Re7 31.h5 Re5 32.Ra1 Ne4 33.Rd1+ Kc3 34.Rd3+ Kc2 35.Kg2 Nd2 36.Re3 Rxe3
37.fxe3 Nxf1 38.Kxf1 Kd3 39.Kf2 Kxc4 40.e4 fxe4 41.g4 f6  0-1

[Event "ch-Arab"]
[Site "Casablanca MAR"]
[Date "2002.09.02"]
[Round "7"]
[White "Onkoud,A"]
[Black "Mansour,S"]
[Result "1/2-1/2"]
[WhiteElo "2317"]
[BlackElo "2248"]

1.d4 Nf6 2.c4 Nc6 3.Nc3 e5 4.d5 Ne7 5.e4 Ng6 6.a3 Bc5 7.Be2 a5 8.Qd3 d6 9.g3 O-O
10.h4 Ng4 11.Bxg4 Bxg4 12.f3 Bd7 13.h5 Ne7 14.g4 c6 15.Be3 Bxe3 16.Qxe3 cxd5
17.cxd5 b5 18.Nd1 Nc8 19.Qd2 Nb6 20.Ne3 Nc4 21.Nxc4 bxc4 22.Rc1 Qb6 23.Nh3 Rab8
24.Rh2 f6 25.Rc3 Rfc8 26.Qc2 a4 27.Qc1 Qa5 28.Kd1 Rb3 29.Rhc2 Rxc3 30.Rxc3 Qc5
31.Ke2 Rb8 32.Nf2 Qb6 33.Nd1 Kf7 34.Qe3 Qc7 35.Kd2 Bb5 36.Kc1 Ba6 37.Qd2 Qb6
38.Ne3 Rc8 39.Qc2 Qb5 40.Nf5 Qd7 41.Qh2 Kg8 42.Qg1 g6 43.hxg6 hxg6 44.Nh6+ Kg7
45.g5 Rb8 46.Rc2 f5 47.exf5 gxf5 48.Nxf5+ Qxf5 49.Qa7+ Rb7 50.Qxa6 Qxg5+
51.Kb1 Qg1+ 52.Rc1 Qb6 53.Qxb6 Rxb6 54.Rxc4 Rb5 55.Rxa4 Rxd5 56.f4 Kf6 57.fxe5+ dxe5
58.Rh4 Kg5 59.Rh1 e4 60.Kc2 Kf4 61.Rd1 Rc5+ 62.Kd2 Rd5+ 63.Ke2 Rh5 64.Rf1+ Ke5
65.Kd2 Kd4 66.Re1 Rh2+ 67.Re2 e3+ 68.Kd1 Rh1+ 69.Kc2  1/2-1/2

[Event "Eu Blitz Ch"]
[Site "Panormo GRE"]
[Date "2002.10.02"]
[Round "10"]
[White "Volkov,S"]
[Black "Miroshnichenko,E"]
[Result "1-0"]
[WhiteElo "2642"]
[BlackElo "2548"]

1.d4 Nf6 2.c4 Nc6 3.Nf3 d6 4.Nc3 e5 5.d5 Ne7 6.e4 g6 7.Be2 Bg7 8.b4 a5 9.bxa5 O-O
10.O-O Nh5 11.Re1 Rxa5 12.a4 c5 13.Bd2 Ra6 14.Bf1 h6 15.Qc1 Kh7 16.Nb5 f5
17.exf5 gxf5 18.Ra3 Ng6 19.Bc3 e4 20.Bxg7 Kxg7 21.Nd2 Ne5 22.f3 Qg5 23.fxe4 f4
24.Nf3 Nxf3+ 25.Rxf3 Bg4 26.Rf2 Qe5 27.Qa1 Bd7 28.Qxe5+ dxe5 29.Ra1 Nf6 30.Bd3 Ne8
31.Rb2 Kf6 32.Kf2 Ke7 33.a5 b6 34.Rba2 bxa5 35.Rxa5 Rg6 36.Ra7 Rfg8 37.Bf1 Nd6
38.Nxd6 Kxd6 39.R1a6+ Ke7 40.Ra5 Rc8 41.Rb7 Rd6 42.Raa7 Kd8 43.Be2  1-0

[Event "Najdorf Mem Great Final"]
[Site "Buenos Aires ARG"]
[Date "2002.10.06"]
[Round "3.6"]
[White "Sorin,A"]
[Black "Zarnicki,P"]
[Result "1-0"]
[WhiteElo "2512"]
[BlackElo "2499"]

1.d4 Nf6 2.c4 Nc6 3.Nf3 d6 4.Nc3 Bg4 5.d5 Bxf3 6.exf3 Ne5 7.Qb3 Qc8 8.f4 Ned7
9.g3 c6 10.Bh3 g6 11.Be3 Bg7 12.O-O O-O 13.dxc6 bxc6 14.Rfe1 Qc7 15.Qc2 e6
16.Rac1 Rab8 17.b3 Qa5 18.Bd2 Qh5 19.Bg2 d5 20.h3 Qf5 21.Qd1 dxc4 22.bxc4 Rfd8
23.Qf3 Nb6 24.Be3 Qa5 25.Qxc6 Rbc8 26.Qb5 Nxc4 27.Qxa5 Nxa5 28.Bxa7 Rd7 29.Nb5 Rxc1
30.Rxc1 h5 31.Bb6 Nb7 32.Rc8+ Kh7 33.Rc7 Rxc7 34.Bxc7 Nc5 35.Be5 Nfd7 36.Bxg7 Kxg7
37.Nc3 Nb6 38.Bc6 Kf6 39.a4 Nc4 40.Ne4+ Nxe4 41.Bxe4 Ke7 42.Bd3 Na5 43.Bb5 f6
44.h4 e5 45.fxe5 fxe5 46.Kg2 Kf6 47.Kf3 Nb3 48.Ke4 Na5 49.Be8 Nc4 50.Kd5 Na5
51.Kc5 Kf5 52.Kb4 Nb7 53.Bc6 Nd6 54.Kc5 Ke6 55.a5 Nc8 56.a6 e4 57.Bxe4 Kf6
58.Bb7  1-0

[Event "3rd Weekend"]
[Site "Novara ITA"]
[Date "2002.11.01"]
[Round "2"]
[White "Barberi,A"]
[Black "Barlocco,C"]
[Result "1-0"]
[WhiteElo "2094"]
[BlackElo "2160"]

1.d4 Nf6 2.c4 Nc6 3.Nf3 e6 4.Nc3 Bb4 5.Qc2 d6 6.Bg5 h6 7.Bd2 O-O 8.O-O-O Ng4
9.Be1 f5 10.h3 Nf6 11.g4 fxg4 12.hxg4 Nxg4 13.Rg1 e5 14.Bh3 Bxc3 15.Bxc3 exd4
16.Bxd4 Nxd4 17.Rxd4 Nxf2 18.Bxc8 Rxc8 19.Qg6 Qf6 20.Qg2 c5 21.Rh4 Rce8 22.Qxf2 Qe7
23.Rxh6 Qxe2 24.Qxe2 Rxe2 25.Nd2 d5 26.Rhg6 Rff2 27.Rd1 dxc4 28.Rg4 b6 29.Rxc4 Rg2
30.Re4 Kf7 31.Rxe2 Rxe2 32.Kc2 g5 33.Kd3 Re7 34.Rg1 Rd7+ 35.Ke3 Kg6 36.Ne4 Rd5
37.Rg2 Rf5 38.Rd2 g4 39.Rd6+ Kf7 40.Rd7+ Ke6 41.Rxa7 Rf3+ 42.Ke2 Rf4 43.Ng3 Rb4
44.b3 c4 45.Ra3 Ke5 46.Ke3 cxb3 47.Rxb3 Ra4 48.Rb5+ Kd6 49.Rxb6+ Kc5 50.Rb2 Kd5
51.Ne2 Ke5 52.Rb5+ Kf6 53.Nc3 Rc4 54.Kd3 Rc6 55.Ne4+ Ke6 56.Rg5 Rc8 57.Rxg4 Rd8+
58.Ke3 Kd5 59.Nc3+ Kc5 60.a4 Rd7 61.a5 Ra7 62.Ra4 Kc6 63.Kd4 Kb7 64.Kc5 Ka6
65.Nd5 Rh7 66.Nb4+ Ka7 67.Ra1 Rh5+ 68.Nd5 Ka6 69.Rf1 Rg5 70.Ra1 Rh5 71.Kc4 Rh4+
72.Kb3 Rh3+ 73.Ka4 Rh4+ 74.Nb4+ Ka7 75.Rf1 Rh7 76.Rf5 Rg7 77.a6 Rg6 78.Ka5 Rh6
79.Rf7+ Ka8 80.Kb5 Rh8 81.Kb6 Rb8+ 82.Rb7 Rc8 83.Ra7+ Kb8 84.Re7  1-0

[Event "WYb12"]
[Site "Heraklio GRE"]
[Date "2002.11.17"]
[Round "3"]
[White "Berczes,D"]
[Black "Fodor,T"]
[Result "1-0"]
[WhiteElo "2232"]
[BlackElo "2100"]

1.d4 Nf6 2.c4 Nc6 3.Nf3 e6 4.g3 Bb4+ 5.Bd2 Qe7 6.Nc3 d6 7.Bg2 O-O 8.O-O e5
9.Nd5 Nxd5 10.cxd5 Bxd2 11.Qxd2 Nd8 12.dxe5 dxe5 13.Rac1 f6 14.Rfd1 c6 15.d6 Qd7
16.Qb4 Nf7 17.Rd2 Kh8 18.Ne1 Rd8 19.a4 a5 20.Qc5 Qe8 21.b4 Bd7 22.bxa5 Be6
23.Rb1 Rd7 24.Rb6 Qd8 25.a6 Rxa6 26.Rxa6 bxa6 27.Qxc6 Nxd6 28.Qxa6 h6 29.Qc6 f5
30.h3 e4 31.Nc2 Qb8 32.Nd4 Re7 33.Nb5 Nc4 34.Rd4 Ne5 35.Qd6 Qxd6 36.Rxd6 Bb3
37.Nd4 Nf7 38.Ra6 Bc4 39.Ra8+ Kh7 40.Nxf5 Re5 41.Nd4 e3 42.fxe3 Rxe3 43.Kf2 Re7
44.a5 Kg6 45.a6 Rd7 46.a7 Nd6 47.Nc6  1-0

[Event "WYg14"]
[Site "Heraklio GRE"]
[Date "2002.11.22"]
[Round "9"]
[White "Gurchumalidze,T"]
[Black "Olsen,M"]
[Result "1-0"]
[WhiteElo "2124"]
[BlackElo "1824"]

1.d4 Nf6 2.c4 Nc6 3.Nf3 e6 4.Nc3 Bb4 5.e3 d6 6.Bd3 O-O 7.O-O Qe7 8.Qc2 a5
9.Ne4 a4 10.Nxf6+ Qxf6 11.Bxh7+ Kh8 12.Bd3 Bd7 13.a3 Ba5 14.Nd2 e5 15.Ne4 Qe7
16.d5 Nd8 17.Ng3 c6 18.f4 cxd5 19.cxd5 exf4 20.Rxf4 Bb6 21.Qe2 g6 22.Bd2 Re8
23.Re4 Qg5 24.Rxe8+ Bxe8 25.Ne4 Qe7 26.Bc3+ Kg8 27.Bf6 Qf8 28.Qf2 Qh6 29.Bg5 Qh8
30.Nf6+ Kf8 31.Qf4 Bc5 32.Rf1 b5 33.Bh6+ Ke7 34.Qe4+  1-0

[Event "Kubanskaja Osen"]
[Site "Krasnodar RUS"]
[Date "2002.11.24"]
[Round "10"]
[White "Malaniuk,V"]
[Black "Gasanov,E"]
[Result "1-0"]
[WhiteElo "2556"]
[BlackElo "2473"]

1.d4 Nf6 2.c4 Nc6 3.Nf3 e6 4.Nc3 Bb4 5.Qb3 d6 6.d5 Bxc3+ 7.Qxc3 Nb8 8.dxe6 fxe6
9.c5 O-O 10.cxd6 cxd6 11.g3 Bd7 12.Bg2 Bc6 13.O-O Qe7 14.b3 Bd5 15.Ba3 Nc6
16.Nd4 Bxg2 17.Kxg2 Rac8 18.Nb5 Rfd8 19.Rad1 Ne4 20.Qe3 a6 21.Nd4 Nxd4 22.Rxd4 Nc3
23.Bb2 Nb5 24.Re4 e5 25.Qd3 Qf7 26.f4 Qg6 27.a4 Nc7 28.Rf3 Kh8 29.Rc4 d5
30.Qxg6 hxg6 31.Rc5 e4 32.Rfc3 d4 33.Rc1 d3 34.exd3 exd3 35.Be5 d2 36.Rd1 Ne6
37.Rxc8 Rxc8 38.Rxd2 Rd8 39.Rxd8+ Nxd8 40.Kf3 Ne6 41.b4 Kg8 42.Ke4 Kf7 43.Kd5 Ke7
44.g4 Kf7  1-0

[Event "10th Ducale Open"]
[Site "Genova ITA"]
[Date "2002.11.27"]
[Round "3"]
[White "Lettich,S"]
[Black "Di Lazzaro,G"]
[Result "0-1"]
[WhiteElo "2058"]
[BlackElo "1985"]

1.d4 Nf6 2.c4 Nc6 3.Nf3 e6 4.Nc3 Bb4 5.Qc2 d6 6.a3 Bxc3+ 7.Qxc3 Ne4 8.Qc2 f5
9.e3 O-O 10.Bd3 Nf6 11.O-O a5 12.b3 Qe8 13.Bd2 Bd7 14.b4 Qh5 15.b5 Ne7 16.Bc3 g5
17.Be2 g4 18.Nd2 Qg5 19.g3 b6 20.a4 Bc8 21.Rfe1 Bb7 22.Bf1 h5 23.Bg2 Bxg2
24.Kxg2 h4 25.Bb2 Ng6 26.Ba3 Rf7 27.c5 dxc5 28.dxc5 Rd8 29.Rad1 Rfd7 30.cxb6 cxb6
31.Nb3 Rxd1 32.Rxd1 Rxd1 33.Qxd1 Nd5 34.Qd4 h3+ 35.Kf1 Qf6 36.Bb2 Qxd4 37.Nxd4 Kf7
38.Ke2 Ke7 39.f3 Kd6 40.fxg4 fxg4 41.e4 Nde7 42.Ke3 Kd7 43.Ne2 e5 44.Nc1 Ke6
45.Nd3 Nc8 46.Nf2 Nd6 47.Kd3 Nf7 48.Nxg4 Ng5 49.Bc1 Nf3 50.Be3 Nf8 51.Bxb6 Nd7
52.Bf2 Kd6 53.Ke2 Ng5 54.Kd3 Nf3 55.Ba7 Kc7 56.Ke3 Ng5 57.Nf2 Kb7 58.b6 Nxb6
59.Bxb6 Kxb6 60.Nd3 Ne6 61.Nxe5 Nc5 62.Nc4+ Ka6 63.Nb2 Kb6 64.g4 Ne6 65.e5 Kc5
66.Ke4 Ng5+ 67.Kf4 Ne6+ 68.Kf5 Nd4+ 69.Kf6 Nf3 70.e6 Nxh2 71.e7 Nxg4+ 72.Kg5 h2
73.e8=Q h1=Q  0-1

[Event "TCh-CZE 2002-3"]
[Site "Czech Rep CZE"]
[Date "2002.11.30"]
[Round "3"]
[White "Bernasek,J"]
[Black "Holemar,D"]
[Result "1/2-1/2"]
[WhiteElo "2422"]
[BlackElo "2321"]

1.d4 Nf6 2.c4 Nc6 3.Nf3 e6 4.g3 Bb4+ 5.Nbd2 Ne4 6.Bg2 Nxd2 7.Bxd2 Qe7 8.O-O Bxd2
9.Qxd2 d6 10.d5 Nb8 11.dxe6 fxe6 12.c5 dxc5 13.Ne5 O-O 14.Rfd1 a5 15.Rac1 Ra6
16.Qe3 Rd6 17.Nc4 Rxd1+ 18.Rxd1 b6 19.Ne5 Nd7 20.Nc6 Qf6 21.Bh3 Re8 22.Na7 Nf8
23.Nxc8 Rxc8 24.Qb3 h6 25.Rd3 Re8 26.Re3 Kh8 27.Kg2 Qd4 28.Qb5 Rd8 29.b3 Qd5+
30.Kg1 Qd1+ 31.Kg2 Qd5+ 32.Kg1 Qa8 33.f3 Rd1+ 34.Kf2 Qd8 35.Bxe6 Qd2 36.f4 Rf1+  1/2-1/2

[Event "FSGM Dec"]
[Site "Budapest HUN"]
[Date "2002.12.11"]
[Round "5"]
[White "Kosanovic,G"]
[Black "Ramesh,R"]
[Result "0-1"]
[WhiteElo "2398"]
[BlackElo "2475"]

1.d4 Nf6 2.c4 Nc6 3.Nf3 e6 4.Nc3 Bb4 5.Bd2 d6 6.d5 Bxc3 7.Bxc3 Nb8 8.Qc2 O-O
9.O-O-O e5 10.e4 Nbd7 11.Nd2 Ng4 12.Nf3 Nc5 13.h3 Nf6 14.Bd3 Bd7 15.Bb4 Nxd3+
16.Qxd3 b5 17.cxb5 Qb8 18.a4 a6 19.g4 axb5 20.a5 Rc8 21.Kb1 c5 22.dxc6 Bxc6
23.Rhe1 Qb7 24.Nd2 d5 25.exd5 Nxd5 26.Qb3 Qc7 27.Rc1 Nf4 28.Rc5 Qd7 29.Re3 Bd5
30.Qc3 f6 31.Rxc8+ Rxc8 32.Qa3 Bf7 33.Rc3 Rd8 34.Ne4 Qd1+ 35.Rc1 Qd3+ 36.Qxd3 Nxd3
37.Be7 Ra8 38.Rd1 Bg6 39.f3 Nf2 40.Rd8+ Rxd8 41.Bxd8 Nxe4 42.fxe4 Kf7 43.Kc2 Bxe4+
44.Kd2 Bg2 45.h4 Bf3 46.g5 f5 47.a6 Ke6 48.a7 Bc6 49.Bc7 g6 50.Ke3 Kd5 51.Kd3 f4
52.Bb8 Ke6 53.Ke2 Kf5 54.Bc7 e4 55.b4 e3 56.Kd3 Bf3 57.Bd6 Kg4 58.Be5 Kg3
59.Bd6 e2 60.a8=Q e1=Q 61.Qf8 Be4+ 62.Kd4 Qe3+ 63.Ke5 Bf5+ 64.Kf6 Kxh4 65.Bc5 Qc3+
66.Kf7 Kxg5 67.Qd8+ Kg4 68.Qd1+ Qf3 69.Qg1+ Kh3 70.Kg7 h5 71.Kh6 Bd3 72.Bd6 h4
73.Qg5 Qh5+  0-1

[Event "1st Ilijas Subasic Mem"]
[Site "Zenica BIH"]
[Date "2002.12.12"]
[Round "6"]
[White "Zivanic,M"]
[Black "Sebestyen,Ba"]
[Result "1-0"]
[WhiteElo "2426"]
[BlackElo "2322"]

1.d4 Nf6 2.c4 Nc6 3.Nf3 e6 4.Nc3 Bb4 5.Qc2 d6 6.Bg5 h6 7.Bd2 O-O 8.a3 Bxc3
9.Bxc3 Qe7 10.e3 e5 11.d5 Nb8 12.Be2 a5 13.b3 Ne8 14.O-O f5 15.b4 axb4 16.axb4 Rxa1
17.Rxa1 Nd7 18.Bb2 Nb6 19.Qb3 Nf6 20.Ra5 Qf7 21.Bf1 Kh8 22.Qc2 Ng4 23.Qd2 e4
24.Nd4 Qh5 25.h3 Ne5 26.Qc2 Qg5 27.Ne6 Bxe6 28.dxe6 Nf3+ 29.Kh1 Ne1 30.Qc3 Nd3
31.Bxd3 exd3 32.Qxd3 Qg6 33.e7 Re8 34.Rxf5 Rxe7 35.Rf8+  1-0

[Event "1st Ilijas Subasic Mem"]
[Site "Zenica BIH"]
[Date "2002.12.14"]
[Round "8"]
[White "Pataki,G"]
[Black "Meszaros,Gyu"]
[Result "1-0"]
[WhiteElo "2348"]
[BlackElo "2345"]

1.d4 Nf6 2.c4 Nc6 3.Nf3 e6 4.Nc3 Bb4 5.Qc2 d6 6.Bd2 O-O 7.a3 Bxc3 8.Bxc3 Qe7
9.e4 e5 10.d5 Nd4 11.Bxd4 exd4 12.Nxd4 Qxe4+ 13.Qxe4 Nxe4 14.Bd3 Nc5 15.Bc2 Re8+
16.Kd2 Ne4+ 17.Kc1 Bd7 18.Re1 Nc5 19.Kd2 b6 20.b4 Nb7 21.Rxe8+ Rxe8 22.Rb1 f6
23.Rc1 Kf7 24.Bb1 g6 25.Rc3 Bf5 26.Bxf5 gxf5 27.Rf3 Re4 28.Kd3 Kg6 29.Re3 Rxe3+
30.fxe3 a6 31.c5 bxc5 32.bxc5 f4 33.c6  1-0

[Event "Christmas Open"]
[Site "Zadar CRO"]
[Date "2002.12.21"]
[Round "8"]
[White "Loncar,R"]
[Black "Martinovic,S"]
[Result "1-0"]
[WhiteElo "2439"]
[BlackElo "2462"]

1.d4 Nf6 2.c4 Nc6 3.Nf3 e6 4.a3 d5 5.Nc3 a6 6.c5 Ne4 7.Qc2 Nxc3 8.bxc3 b6
9.cxb6 cxb6 10.e4 dxe4 11.Qxe4 Bb7 12.Qg4 Qc7 13.c4 O-O-O 14.Be3 f5 15.Qg3 Bd6
16.Qh3 h6 17.d5 exd5 18.cxd5 Ne7 19.Rc1 Bc5 20.Bd3 Rxd5 21.Be4 Rdd8 22.Bxb7+ Kxb7
23.Bxc5 bxc5 24.O-O g5 25.Ne1 Rd6 26.Nd3 Rc6 27.Rfe1 Rc8 28.Ne5 Rb6 29.Nc4 Rc6
30.Rc2 Ka7 31.Rce2 Re8 32.Qh5 Qc8 33.Qf7  1-0

[Event "11th Donau Open"]
[Site "Aschach AUT"]
[Date "2002.12.28"]
[Round "4"]
[White "Schulze,Hu"]
[Black "Huber,D"]
[Result "1-0"]
[WhiteElo "2211"]
[BlackElo "2073"]

1.d4 Nf6 2.c4 Nc6 3.Nc3 e5 4.d5 Ne7 5.e4 Ng6 6.f3 Bc5 7.Nge2 d6 8.Bd2 a6
9.Qc2 O-O 10.Nc1 Nh5 11.Nd3 Qh4+ 12.Kd1 Ba7 13.Be1 Qe7 14.g4 Nhf4 15.h4 h5
16.gxh5 Nxh5 17.Qh2 f5 18.Kc2 Ngf4 19.Rd1 Bd7 20.Nxf4 exf4 21.Bd3 b5 22.Kb1 Rab8
23.Qg2 b4 24.Ne2 fxe4 25.Bxe4 Bf5 26.Bxf5 Rxf5 27.Nd4 Bxd4 28.Rxd4 Qf6 29.Rd3 Re5
30.Rb3 a5 31.Bc3 Qf5+ 32.Ka1 Ree8 33.Bd2 Re7 34.Qg5 Qxg5 35.hxg5 g6 36.a3 Re2
37.Bc3 Re3 38.axb4 Rxf3 39.b5 Rg3 40.Ka2 Rxg5 41.Bxa5 Ng3 42.Rh4 Ra8 43.Ra3 f3
44.Bxc7 Rxa3+ 45.Kxa3 f2 46.Rf4 Rf5 47.Rxf2 Rxf2 48.b6 Ne4 49.b7 Rf8 50.b8=Q Rxb8
51.Bxb8 Kf7 52.Kb3 Ke7 53.Kc2 Kd7 54.Ba7 Kc7 55.Kd3 Ng5 56.Bd4 Nf7 57.Ke4 Kd7
58.Bf6 Kc7 59.b4 Kd7 60.Kd4 Kc7 61.c5 Kd7 62.c6+ Kc8 63.Ke4 Kb8 64.Kf4 Kc8
65.b5 Kc7 66.Bd4 Kb8 67.b6 Kc8 68.Be3 Kb8 69.Ke4 Kc8 70.Bf4 Kd8 71.Kd4 Kc8
72.Kc4 Kb8 73.Kb5 g5 74.Bg3 g4 75.Ka6 Ne5 76.Bxe5 dxe5 77.d6 g3 78.d7  1-0

[Event "45th It"]
[Site "Reggio Emilia ITA"]
[Date "2002.12.30"]
[Round "2"]
[White "Chabanon,JL"]
[Black "Tomescu,V"]
[Result "1/2-1/2"]
[WhiteElo "2481"]
[BlackElo "2432"]

1.d4 Nf6 2.c4 Nc6 3.Nf3 e6 4.g3 Bb4+ 5.Bd2 Qe7 6.Nc3 O-O 7.Bg2 d6 8.O-O e5
9.Nd5 Nxd5 10.cxd5 Bxd2 11.Qxd2 Nxd4 12.Nxd4 exd4 13.Rac1 Bf5 14.Qxd4 Qxe2
15.Rxc7 Qa6 16.g4 Rac8 17.Rfc1 Qa5 18.Qc3 Qxc7 19.Qxc7 Bxg4 20.f3 Bf5 21.Kf2 Rxc7
22.Rxc7 Rb8 23.b4 Kf8 24.a4 Ke8 25.Bf1 a6 26.b5 Bd7 27.bxa6 bxa6 28.Ra7 Bxa4
29.Rxa6 Bb3 30.Rxd6 Ke7 31.Ra6 Bxd5 32.h4 Rb4 33.Kg3 f5 34.Bd3 Bb7 35.Ra5 g6
36.Rb5 f4+ 37.Kg4  1/2-1/2

[Event "ch-IND"]
[Site "Mumbai IND"]
[Date "2003.01.21"]
[Round "6"]
[White "Sundararajan,K"]
[Black "Venkatesh,M"]
[Result "1/2-1/2"]
[WhiteElo "2416"]
[BlackElo "2399"]

1.d4 Nf6 2.c4 Nc6 3.Nf3 e6 4.Nc3 Bb4 5.Qc2 d6 6.Bg5 h6 7.Bd2 O-O 8.a3 Bxc3
9.Bxc3 Qe7 10.e3 e5 11.d5 Nb8 12.Be2 Nbd7 13.O-O b5 14.e4 bxc4 15.Nd2 Nb6  1/2-1/2